000 00223nam a22000857a 4500
008 160916b xxu||||| |||| 00| 0 eng d
100 _9563
_aGoscinny R
245 _aThe mansions of the God
260 _aUSA
_bOrion publication
_c2004
999 _c3219
_d3219